000 00792nam a22001577a 4500
003 OSt
005 20151105104002.0
008 151105b xxu||||| |||| 00| 0 eng d
040 _cRUA
082 _aFOR SUM 1997 B124 Or.1
100 _93384
_aSUM, SOVATHA.
245 _astudy on the wood level scheduled to the plan cutting off from forest - concession companies for local consumtion (សិក្សាកំរិតកំណត់បរិមាណឈើដែលត្រូវកាត់ផែនការពីបណ្តាក្រុមហ៊ុន ព្រៃសម្បទានដើម្បីប្រើប្រាស់ក្នុងប្រស់ក្នុងស្រុក)
260 _aPhnom Penh
_bRUA
_c1997
300 _a57p.
_bill.
_c29cm.
942 _2ddc
_cFOR
999 _c3157
_d3157